Reportaje de la historia : (Registro nro. 15512)

Detalles MARC
000 -LEADER
fixed length control field 01029nam a22002537a 4500
003 - CONTROL NUMBER IDENTIFIER
control field OSt
005 - DATE AND TIME OF LATEST TRANSACTION
control field 20210405112127.0
008 - FIXED-LENGTH DATA ELEMENTS--GENERAL INFORMATION
fixed length control field 210405s1962 sp abo|gr|||| 00| 0 spa d
020 ## - INTERNATIONAL STANDARD BOOK NUMBER
International Standard Book Number 8432021008 (Obra completa)
020 ## - INTERNATIONAL STANDARD BOOK NUMBER
International Standard Book Number 8432021016 (Tomo I)
020 ## - INTERNATIONAL STANDARD BOOK NUMBER
International Standard Book Number 8432021024 (Tomo II)
040 ## - CATALOGING SOURCE
Original cataloging agency CO-JMCR
Transcribing agency CO-JMCR
041 1# - LANGUAGE CODE
Language code of text/sound track or separate title spa
Language code of original eng
082 0# - DEWEY DECIMAL CLASSIFICATION NUMBER
Classification number 909 /
Item number R594r
Edition number 23
100 1# - MAIN ENTRY--PERSONAL NAME
Personal name Riquel, Martín de,
Relator term autor
9 (RLIN) 36606
245 10 - TITLE STATEMENT
Title Reportaje de la historia :
Remainder of title 136 relatos de testigos presenciales sobre hechos ocurridos en 25 siglos. /
Statement of responsibility, etc. Martín de Riquel ; dirección de traducción, Rafael Ballester ; Selección y montaje de ilustraciones, Luis Monreal.
260 ## - PUBLICATION, DISTRIBUTION, ETC.
Place of publication, distribution, etc. Barcelona :
Name of publisher, distributor, etc. Planeta,
Date of publication, distribution, etc. 1962.
300 ## - PHYSICAL DESCRIPTION
Extent 2 volúmenes :
Other physical details ilustraciones, laminas y fotografías a color ;
Dimensions 25 cm.
500 ## - GENERAL NOTE
General note Incluye índice de laminas y ilustraciones.
650 14 - SUBJECT ADDED ENTRY--TOPICAL TERM
Topical term or geographic name entry element Historia mundial
9 (RLIN) 36607
700 1# - ADDED ENTRY--PERSONAL NAME
Personal name Ballester, Rafael,
Relator term traductor
9 (RLIN) 36608
700 1# - ADDED ENTRY--PERSONAL NAME
Personal name Monreal, Luis,
Relator term Selección y montaje
9 (RLIN) 36609
942 ## - ADDED ENTRY ELEMENTS (KOHA)
Source of classification or shelving scheme Dewey Decimal Classification
Koha item type Books
Existencias
Withdrawn status Lost status Source of classification or shelving scheme Damaged status Not for loan Home library Current library Shelving location Date acquired Source of acquisition Total Checkouts Full call number Barcode Date last seen Copy number Price effective from Koha item type Date last checked out
    Dewey Decimal Classification     Biblioteca Pública José María del Castillo y Rada Biblioteca Pública José María del Castillo y Rada General Stacks   Donación   909 / R594r 201807240 04/05/2021 v.1 / Ej.1   Books  
    Dewey Decimal Classification     Biblioteca Pública José María del Castillo y Rada Biblioteca Pública José María del Castillo y Rada General Stacks   Donación 2 909 / R594r 201807241 06/20/2023 v.2 / Ej.1   Books 06/20/2023